Szczegóły MARC21

Cases and materials on constitutional and administrative law /

003 -Nazwa inst., której nr kontr. jest w polu 001 [,]
    • @
    • Nazwa instytucji, której n kontrolny jest w polu 001
    • NUKAT
005 -DATA I CZAS OSTATNIEJ MODYFIKACJI [,]
    • @
    • pole kontrolne
    • 20241231102513.0
020 -Międzynarod. znormalizowany nr książki - ISBN [ , ]
    • a
    • Numer ISBN
    • 9780199217779 Find
040 -Instytucja sporządzająca opis [ , ]
    • a
    • Instytucja, która sporządziła opis (NP)
    • KAT U/24GM
    • c
    • Instytucja, która sporządziła rekord (NP)
    • KAT U/24GMs
    • d
    • Instytucja, która zmodyfikowała rekord (P)
    • KAT U/24DG
044 -Kraj miejsca wydania [ , ]
    • a
    • Kraj miejsca wydania
    • Wielka Brytania po 1988
    • a
    • Kraj miejsca wydania
    • Stany Zjednoczone po 1988
942 -Rodzaj dokumentu [ , ]
    • c
    • Rodzaj dokumentu
    • Książka
100 -Hasło główne - nazwa osobowa [1, ]
    • a
    • Nazwa osobowa (NP)
    • Allen, Michael J.
    • d
    • Daty biograficzne (NP)
    • (1956- ).
    • 9
    • KHW
    • 717025
245 -Strefa tytułu i oznaczenia odpowiedzialności [1,0]
    • a
    • Tytuł
    • Cases and materials on constitutional and administrative law / Find
    • c
    • Pozostałe elementy strefy tytułu i oznaczenia odpowiedzialności (NP)
    • Michael J. Allen, Brian Thompson.
246 -Wariant tytułu [3,0]
    • a
    • Tytuł (NP)
    • Constitutional and administrative law
250 -Strefa wydania [ , ]
    • a
    • Oznaczenie wydania (NP)
    • 9th ed.
260 -Strefa adresu wydawniczego [ , ]
    • a
    • Miejsce wydania (P)
    • Oxford ;
    • a
    • Miejsce wydania (P)
    • New York :
    • b
    • Nazwa wydawcy (P)
    • Oxford University Press,
    • c
    • Data wydania (P)
    • cop. 2008.
300 -Strefa opisu fizycznego [ , ]
    • a
    • Określenie formy książki i/lub objętość (NP)
    • XXXVI, 752 s. ;
    • c
    • Format (NP)
    • 25 cm.
336 -Typ zawartości [ , ]
    • a
    • Termin opisujący typ zawartości
    • Tekst
    • b
    • Kod określający zawartość
    • txt
    • 2
    • Źródło (terminu i kodu)
    • rdacontent
337 -Typ mediów [ , ]
    • a
    • Tryb odtwarzania
    • Bez urządzenia pośredniczącego
    • b
    • Kod typu mediów
    • n
    • 2
    • Źródło (terminu i kodu)
    • rdamedia
338 -Typ/rodzaj nośnika [ , ]
    • a
    • Hasło opisujące typ nośnika
    • Wolumin
    • b
    • Kod typu nośnika
    • nc
    • 2
    • Źródło (terminu i kodu)
    • rdacarrier
504 -Uwaga dot. bibliogr. załącznikowej [ , ]
    • a
    • Uwaga dot. bibliografii załącznikowej
    • Indeks.
080 -Uniwersalna Klasyfikacja Dziesiętna [ , ]
    • 2
    • Identyfikator wydania tablic
    • UDC-P058
    • a
    • Symbol klasyfikacji
    • 342
    • b
    • Dopowiedzenie
    • Prawo państwowe. Prawo publiczne. Prawo konstytucyjne. Prawo administracyjne.
    • x
    • Poddział wspólny
    • (410)
    • b
    • Dopowiedzenie
    • (Zjednoczone Królestwo Wielkiej Brytanii i Irlandii Północnej).
    • x
    • Poddział wspólny
    • =111
    • b
    • Dopowiedzenie
    • =Język angielski.
650 -Hasło przedmiotowe [ ,7]
    • a
    • Hasło przedmiotowe
    • Prawo administracyjne
    • z
    • Określnik geograficzny
    • Wielka Brytania.
    • 2
    • Źródło terminu
    • kaba
    • 9
    • KHW
    • 532473
650 -Hasło przedmiotowe [ ,7]
    • a
    • Hasło przedmiotowe
    • Prawo konstytucyjne
    • z
    • Określnik geograficzny
    • Wielka Brytania.
    • 2
    • Źródło terminu
    • kaba
    • 9
    • KHW
    • 371204
980 -Symbol UKD [ , ]
    • a
    • UKD
    • 342(410)=111
700 -Hasło dodatkowe - nazwa osobowa [1, ]
    • a
    • Nazwa osobowa (NP)
    • Thompson, Brian Find
    • d
    • Daty biograficzne (NP)
    • (1955- ).
    • 9
    • KHW
    • 717117
920 -ISBN [ , ]
    • a
    • ISBN
    • 978-0-19-921777-9 Find
Data inwentaryzacji Lokalizacja Status udost. Numer inwentarzowy Sygnatura
2009-05-07BSA1SA.17398SA.17398